00481 2200181 4500001002100000005001500021008004100036020002200077035001900099041000700118082001100125090001700136100001800153245005900171260002200230300003200252650001500284INLIS00000000000199620241224112444241224||||||||| | ||| |||| || |  a978-602-8337-89-2 0010-1224001996 aid0 a551.48 a551.48 WAH m0 aWahyu Sopandi00aTanah, Air, Api, dan Udara Melalui Percobaan Sederhana bArfino Rayac2009 avi, 90 hlm. : ilus. ; 21 cm 0aIlmu Murni